| 000 | 00807nam a22002297a 4500 | ||
|---|---|---|---|
| 001 | 6124 | ||
| 003 | FISKH | ||
| 005 | 20250317112936.0 | ||
| 008 | 250317b cb ||||| |||| 00| 0 eng d | ||
| 020 | _a9781933185910 | ||
| 040 |
_aFISKH _bKhmer _cFISKH _dFISKH |
||
| 050 | _aPZ7 | ||
| 082 | _a200 | ||
| 100 | _aBevere, John | ||
| 245 |
_aប្រលោមស្នហ៏អាពាហ៏ពិពាហ៏ / _cដោយ លោកគ្រូ ចន និងអ្នកគ្រូ លីសា បឺរៀរ |
||
| 260 |
_aPhnom Penh : _bMessenger International.Org ; _c2015. |
||
| 300 |
_a295 pages : _bcolor illustrations ; _c21 cm . |
||
| 650 | _aប្រលោមស្នេហ៏អាពាហ៏ពិពាហ៏ | ||
| 650 | _aWedding ceremony | ||
| 942 |
_2ddc _cBK _n0 |
||
| 999 |
_c6124 _d6124 |
||